Statistics for Guess the Pixar Film

Click here to take the quiz!

General Stats

  • This quiz has been taken 16 times
  • The average score is 5 of 8

Answer Stats

Description Film % Correct
Dystopian futureWall-E
93%
Highly adventurous story about moving houseUp
86%
Villain has Hero SyndromeThe Incredibles
64%
Forgetful protagonist seeks to find their pastFinding Dory
64%
Celebrity goes through humbling adventureCars
57%
Health inspector's nightmareRatatouille
57%
Widowed male seeks to prevent further bereavementFinding Nemo
50%
Primarily set in the Limbic SystemInside Out
50%

Score Distribution

Percentile by Number Answered

Percent of People with Each Score

Your Score History

You have not taken this quiz